000
00284nam a22001337a 4500
008
181126b xxu||||| |||| 00| 0 eng d
020
_a
2900321241800
041
_a
eng
080
_a
573
100
_a
11
101
_a
BIO
245
_a
Microbiology
_c
Bauman.R.W
942
_2
udc
_c
BK
999
_c
52492
_d
52492